000 00748nam a22002417a 4500
001 00028709
005 20260417070607.0
008 260406b ag ||||| |||| 00| 0 spa d
020 _a9789871703623
040 _aAR-CcCEOS
_bspa
_cAR-CcCEOS
041 _aspa
080 _a982(822)
090 _bPEZ t.5
100 1 _aPezzarini, Heriberto María,
_d1938-
_9986
245 _aHistoria de Concordia :
_bTomo V /
_cHeriberto María Pezzarini, Rosa María Reissenweber
250 _a5ª ed. adap.
264 _aConcordia :
_bDIMSA,
_c2021.
300 _a356 p. ;
_c24x17 cm.
655 0 _ahistoria argentina
_9277
700 _aRosa Maria Reissenweber
_91021
942 _2udc
_cBK
_n0
999 _c28742
_d28742